Countries Containing B - Statistics

General Stats
  • This quiz has been taken 4,887 times
    4,883 since last reset
  • The average score is 38 of 46
Answer Stats
country % Correct
Brazil
94%
Belgium
92%
Bolivia
91%
Bahamas
90%
Barbados
90%
Botswana
90%
Bulgaria
90%
Belarus
89%
Belize
89%
Bosnia and Herzegovina
89%
Bhutan
88%
Bahrain
87%
Benin
87%
Burundi
87%
Bangladesh
86%
Brunei
86%
Albania
84%
Burkina Faso
84%
Libya
83%
Namibia
83%
Zambia
83%
Zimbabwe
83%
Antigua and Barbuda
81%
Azerbaijan
81%
Cambodia
81%
Colombia
81%
Cuba
81%
Gambia
81%
Djibouti
80%
Dominican Republic
80%
Democratic Republic of the Congo
79%
Gabon
79%
Mozambique
79%
Liberia
78%
Serbia
78%
Kiribati
77%
Uzbekistan
77%
Central African Republic
76%
Lebanon
76%
Luxembourg
74%
Saudi Arabia
74%
Guinea-Bissau
73%
Trinidad and Tobago
73%
United Arab Emirates
72%
Czech Republic
65%
Cabo Verde
51%
No matching quizzes found
Score Distribution
Percent of People with Each Score
Percentile by Number Answered
Your Score History
You have not taken this quiz since the last reset